00619nam a2200169 i 450000100060000000300090000600500170001500700030003200800410003510000280007624501110010426000490021530000270026485200210029199900170031295201200032957824ES-MaACL20230906163646.0t|031017s1930 xxu ||||1| eng d1 aDonaldson, John.94528610aInternational economic relations b: a treatise on world Economy and world Politics / cby John Donaldson. aNew York : bLongmans, Green and Co, c1930. aXXX, 674 p. ; c20 cm. aES-MaACLjA-2274 c57824d57824 00104070aATENEOMbATENEOMcSPP1d2008-01-17eSCl0oA-2274p1060693r2023-02-23 00:00:00w2023-02-23yMONOGRAFIA